L'Europe et la mer
Αποθηκεύτηκε σε:
| Κύριος συγγραφέας: | |
|---|---|
| Μορφή: | Βιβλίο |
| Γλώσσα: | French |
| Δημοσίευση: |
Paris :
Seuil,
1993.
|
| Σειρά: | Collection Faire l'Europe
|
| Θέματα: | |
| Ετικέτες: |
Προσθήκη ετικέτας
Δεν υπάρχουν, Καταχωρήστε ετικέτα πρώτοι!
|
MARC
| LEADER | 00000cam a2200000 i 4500 | ||
|---|---|---|---|
| 001 | 1/7588 | ||
| 008 | 960906s1993 fr | ||| |||| ||fre|| | ||
| 020 | |a 2020125846 | ||
| 035 | |l 10016759 | ||
| 040 | |a GR-MyUA |b gre |e AACR2 | ||
| 041 | 0 | |a fre | |
| 082 | 0 | |a 623.89094 | |
| 100 | 1 | |a Mollat, Michel. | |
| 245 | 1 | 0 | |a L'Europe et la mer / |c Michel Mollat du Jourdin ; preface de Jacques Le Goff. |
| 260 | |a Paris : |b Seuil, |c 1993. | ||
| 300 | |a 348 σ. | ||
| 490 | 1 | |a (Faire l'Europe) | |
| 504 | |a Περιέχει βιβλιογραφικές αναφορές και ευρετήριο. | ||
| 650 | 0 | 0 | |a Navigation |z Europe |x History. |
| 767 | 0 | 8 | |i Μεταφρασμένο ως: |t Europe and the sea / |
| 767 | 0 | 8 | |i Μεταφρασμένο ως: |t Η Ευρώπη και η θάλασσα / |
| 830 | 0 | |a Collection Faire l'Europe | |
| 852 | |a INST |b LESVOS |e 19960926 |h 623.89094 MOL |p 005100006442 |q 005100006442 |t BK |y 0 | ||
| 852 | |a INST |b LESVOS |e 19960906 |h 623.89094 MOL |p 005100009220 |q 005100009220 |t BK |y 0 | ||
| 909 | |a Λ |b 035741 | ||